000 00556nmm a2200169Ia 4500
008 251105s9999||||xx |||||||||||||||||und||
020 _a9788498975161
041 _aspa
100 _aAzara, Félix de
245 0 _aCorrespondencia oficial e inédita sobre la demarcación de límites entre el Paraguay y el Brasil
264 _a[Madrid, España] :
_bLinkgua,
_c2011
300 _a71 páginas
490 _aHistoria-Viajes
650 _aHistory of the Americas: Latin America
856 _uhttps://public.digitaliapublishing.com/a/12979
942 _cCF
999 _c92404
_d92404